[Event "MP Reykjavik Open 2011"]
[Site "Reykjavik ISL"]
[Date "2011.03.12"]
[Round "5.5"]
[White "Hillarp Persson, Tiger"]
[Black "Hansen, Sune Berg"]
[Result "1/2-1/2"]
[WhiteElo "2524"]
[BlackElo "2603"]
[PlyCount "83"]
[EventDate "2011.03.09"]
[EventType "swiss"]
[EventRounds "9"]
[EventCountry "ISL"]
[Source "lmi"]
[SourceDate "2011.03.09"]

1. c4 c6 2. Nf3 d5 3. g3 g6 4. Bg2 Bg7 5. Qa4 Nd7 6. cxd5 cxd5 7. d4 Ngf6 8.
Na3 O-O 9. Bf4 Nh5 10. Bg5 Nb8 11. O-O Nc6 12. b4 h6 13. Be3 Be6 14. b5 Nb8 15.
Ne5 Nd7 16. Nd3 Bf5 17. Nc5 Nb6 18. Qb3 Bc8 19. Rad1 Nf6 20. Bf4 e6 21. Rfe1
Ne8 22. e4 dxe4 23. Nxe4 Nd5 24. Bc1 a6 25. bxa6 Rxa6 26. Nc4 Nec7 27. a4 b6
28. Ba3 Bd7 29. Nb2 Ne7 30. Nc3 Re8 31. Bf1 Ra8 32. Nc4 Ncd5 33. Nb5 Nf5 34.
Ne5 Bf8 35. Bxf8 Rxf8 36. Bg2 Nfe7 37. Rc1 Kg7 38. Rc4 Rc8 39. Rec1 Rxc4 40.
Qxc4 Bxb5 41. Qxb5 Qd6 42. Qb3 1/2-1/2

[Event "MP Reykjavik Open 2011"]
[Site "Reykjavik ISL"]
[Date "2011.03.12"]
[Round "5.6"]
[White "Berbatov, Kiprian"]
[Black "Baklan, Vladimir"]
[Result "1/2-1/2"]
[WhiteElo "2454"]
[BlackElo "2602"]
[PlyCount "65"]
[EventDate "2011.03.09"]
[EventType "swiss"]
[EventRounds "9"]
[EventCountry "ISL"]
[Source "lmi"]
[SourceDate "2011.03.09"]

1. e4 c5 2. Nf3 d6 3. d4 cxd4 4. Nxd4 Nf6 5. Nc3 Nc6 6. Bc4 Bd7 7. Bb3 e6 8.
Be3 Be7 9. Qe2 O-O 10. O-O-O Na5 11. g4 Nxb3+ 12. axb3 d5 13. exd5 Nxd5 14.
Nxd5 exd5 15. Nf5 Bxf5 16. gxf5 Bf6 17. Kb1 Qd6 18. Qf3 Rad8 19. Bd4 b6 20.
Bxf6 Qxf6 21. Rxd5 Rxd5 22. Qxd5 Rd8 23. Re1 g6 24. Qe4 Kg7 25. fxg6 hxg6 26.
Qe3 Rd5 27. f3 Rf5 28. Rf1 Re5 29. Qd2 Qf5 30. Qd4 Kh7 31. Qh4+ Kg7 32. Qd4 Kh7
33. Qh4+ 1/2-1/2

[Event "MP Reykjavik Open 2011"]
[Site "Reykjavik ISL"]
[Date "2011.03.12"]
[Round "5.7"]
[White "Miton, Kamil"]
[Black "Sharevich, Anna"]
[Result "1-0"]
[WhiteElo "2600"]
[BlackElo "2323"]
[PlyCount "124"]
[EventDate "2011.03.09"]
[EventType "swiss"]
[EventRounds "9"]
[EventCountry "ISL"]
[Source "lmi"]
[SourceDate "2011.03.09"]

1. d4 d5 2. c4 e6 3. Nc3 Be7 4. Nf3 Nf6 5. g3 O-O 6. Bg2 dxc4 7. O-O a6 8. Ne5
Nbd7 9. Nxc4 Rb8 10. e4 Ne8 11. e5 c6 12. a4 Nb6 13. Nxb6 Qxb6 14. a5 Qd8 15.
Ne4 Ra8 16. Re1 Kh8 17. Qh5 f5 18. exf6 gxf6 19. Bh6 Ng7 20. Qd1 Rg8 21. Qd2
Nf5 22. Be3 Qf8 23. Ra4 Qg7 24. Rc4 Qf7 25. Qc3 Bf8 26. Bf4 Be7 27. Qc1 Bd7 28.
Bd2 Rad8 29. Bb4 Bxb4 30. Rxb4 Bc8 31. Qc3 Ne7 32. Qf3 Nd5 33. Rc4 Rgf8 34. Rc2
Nc7 35. Rd2 Nb5 36. Qe3 Qg7 37. Bf1 Nc7 38. Nc5 Rfe8 39. Qa3 Nd5 40. Bg2 Re7
41. Rde2 Rde8 42. Re4 Qf7 43. Bh3 Qg8 44. Qf3 f5 45. Re5 Qg7 46. Bf1 Nc7 47.
Bc4 Qg6 48. Qb3 Nd5 49. Bxd5 cxd5 50. Nd3 Qg4 51. Nf4 Rg8 52. Qe3 Rf7 53. h3
Qg7 54. Kh2 Bd7 55. Rc1 Bc8 56. Qc3 Bd7 57. Qb4 Qg5 58. Qxb7 Rfg7 59. Qxa6 h5
60. h4 Qh6 61. Qe2 Rg4 62. Qe3 Qf6 1-0

[Event "MP Reykjavik Open 2011"]
[Site "Reykjavik ISL"]
[Date "2011.03.12"]
[Round "5.8"]
[White "Miroshnichenko, Evgenij"]
[Black "Ziska, Helgi Dam"]
[Result "1-0"]
[WhiteElo "2670"]
[BlackElo "2432"]
[PlyCount "143"]
[EventDate "2011.03.09"]
[EventType "swiss"]
[EventRounds "9"]
[EventCountry "ISL"]
[Source "lmi"]
[SourceDate "2011.03.09"]

1. Nf3 Nf6 2. d4 g6 3. c4 Bg7 4. Nc3 O-O 5. e4 d6 6. h3 e5 7. dxe5 dxe5 8. Be3
c6 9. Qc2 Qe7 10. Be2 Na6 11. O-O Nh5 12. Rfe1 Nf4 13. Bf1 Ne6 14. Rad1 b6 15.
a3 Bb7 16. b4 Rfd8 17. b5 Nac5 18. bxc6 Bxc6 19. Nd5 Qb7 20. Rb1 Rd7 21. Rb4
Na6 22. Rbb1 Nac5 23. h4 Re8 24. Bxc5 Nxc5 25. h5 Qb8 26. g3 Rd6 27. Bh3 Bh6
28. hxg6 hxg6 29. Kg2 Qb7 30. Re2 Qa6 31. Nc7 Qxa3 32. Nxe8 Bxe8 33. Nxe5 Ba4
34. Qa2 Qxa2 35. Rxa2 Bg7 36. Ng4 Bc6 37. Kg1 Bxe4 38. Re1 Bc3 39. Rc1 Ba5 40.
Bg2 Nb3 41. Rf1 Bxg2 42. Kxg2 Kf8 43. Ne3 Ke7 44. Rb1 Nd4 45. c5 Rc6 46. Ra4
Ne6 47. Nc4 Rxc5 48. Nxa5 bxa5 49. Rb7+ Kf6 50. Rxa7 g5 51. Ra3 Kg6 52. R3xa5
Rc1 53. Ra3 g4 54. R3a4 f5 55. R7a6 Re1 56. Ra1 Re4 57. Kf1 f4 58. Re1 Rxe1+
59. Kxe1 Kf5 60. Ke2 fxg3 61. fxg3 Ng7 62. Ra5+ Kg6 63. Ra4 Kg5 64. Ra8 Nh5 65.
Ra3 Kf6 66. Kd2 Kf5 67. Re3 Kf6 68. Kc3 Ng7 69. Re4 Kf5 70. Kd3 Kg5 71. Re5+
Kf6 72. Ke4 1-0

[Event "MP Reykjavik Open 2011"]
[Site "Reykjavik ISL"]
[Date "2011.03.12"]
[Round "5.9"]
[White "Gustafsson, Jan"]
[Black "Thorfinnsson, Bjorn"]
[Result "1-0"]
[WhiteElo "2647"]
[BlackElo "2419"]
[PlyCount "118"]
[EventDate "2011.03.09"]
[EventType "swiss"]
[EventRounds "9"]
[EventCountry "ISL"]
[Source "lmi"]
[SourceDate "2011.03.09"]

1. Nf3 Nf6 2. c4 c6 3. Nc3 d5 4. e3 e6 5. d4 Nbd7 6. Qc2 Bd6 7. Bd3 b6 8. O-O
Bb7 9. e4 dxe4 10. Nxe4 Nxe4 11. Bxe4 h6 12. Rd1 Qc7 13. Be3 f5 14. Bd3 c5 15.
d5 O-O 16. dxe6 Bxf3 17. gxf3 Ne5 18. Bxf5 Nxf3+ 19. Kf1 Nd4 20. Bxd4 cxd4 21.
Qe4 Rae8 22. Rd3 Qxc4 23. Kg2 Qb5 24. Rf3 Qe5 25. Bh7+ Kh8 26. Qxe5 Bxe5 27.
Rxf8+ Rxf8 28. Bg6 Rf6 29. Bf7 Bd6 30. Rc1 g5 31. Rc8+ Kg7 32. Rg8+ Kh7 33. Rd8
Bc5 34. Rd7 Kg7 35. Rxa7 Rf4 36. Rd7 Kf6 37. f3 g4 38. fxg4 Rxg4+ 39. Kf3 Rg1
40. a3 Rf1+ 41. Ke4 Rh1 42. b4 Be7 43. Rxd4 Rxh2 44. Rd3 h5 45. Rf3+ Kg5 46.
Rg3+ Kh6 47. Rg8 h4 48. Re8 Bf6 49. Kf3 Rh3+ 50. Kf4 Rxa3 51. e7 Bg5+ 52. Ke5
Re3+ 53. Kd6 Kg7 54. Bd5 Kh7 55. Be6 Bf4+ 56. Kd7 Rd3+ 57. Kc8 Rc3+ 58. Kb7
Rc7+ 59. Kxb6 Be5 1-0

[Event "MP Reykjavik Open 2011"]
[Site "Reykjavik ISL"]
[Date "2011.03.12"]
[Round "5.10"]
[White "Kveinys, Aloyzas"]
[Black "Sokolov, Ivan"]
[Result "1/2-1/2"]
[WhiteElo "2506"]
[BlackElo "2643"]
[PlyCount "96"]
[EventDate "2011.03.09"]
[EventType "swiss"]
[EventRounds "9"]
[EventCountry "ISL"]
[Source "lmi"]
[SourceDate "2011.03.09"]

1. d4 Nf6 2. Nf3 g6 3. c4 Bg7 4. g3 b6 5. Bg2 Bb7 6. O-O O-O 7. Nc3 Ne4 8. Nxe4
Bxe4 9. Bg5 Nc6 10. d5 Na5 11. Qc1 Re8 12. Rd1 Qc8 13. Nd4 Bxg2 14. Kxg2 Qa6
15. b3 c5 16. dxc6 dxc6 17. Rb1 c5 18. Nf3 Nc6 19. Qd2 Rad8 20. Qc2 Nd4 21.
Nxd4 cxd4 22. Kg1 h6 23. Bd2 e5 24. e4 d3 25. Qc3 Qxa2 26. Ra1 Qc2 27. Qb4 Bf8
28. Qb5 Bc5 29. Rac1 Qb2 30. Rb1 Qd4 31. Be3 Qxe4 32. Bxc5 bxc5 33. Qxc5 Rd4
34. Re1 Qg4 35. h3 Qd7 36. Rxe5 Rf8 37. Qb5 Qd6 38. Rd1 d2 39. Re8 a6 40. Qa4
Rxe8 41. Qxe8+ Kg7 42. Kh2 h5 43. Qe2 h4 44. c5 hxg3+ 45. fxg3 Qd5 46. c6 Qxc6
47. Rxd2 Qe6 48. Rc2 Qxe2+ 1/2-1/2

[Event "MP Reykjavik Open 2011"]
[Site "Reykjavik ISL"]
[Date "2011.03.12"]
[Round "5.11"]
[White "Hammer, Jon Ludvig"]
[Black "Dearing, Eddie"]
[Result "1-0"]
[WhiteElo "2606"]
[BlackElo "2412"]
[PlyCount "179"]
[EventDate "2011.03.09"]
[EventType "swiss"]
[EventRounds "9"]
[EventCountry "ISL"]
[Source "lmi"]
[SourceDate "2011.03.09"]

1. d4 d5 2. c4 c6 3. Nf3 Nf6 4. e3 Bf5 5. Nc3 e6 6. Nh4 Be4 7. f3 Bg6 8. Qb3
Qb6 9. Nxg6 hxg6 10. g3 Nbd7 11. Bd2 Qxb3 12. axb3 Bd6 13. Kf2 a6 14. cxd5 Nxd5
15. Rd1 Nb4 16. Kg2 Rd8 17. Be2 Be7 18. Be1 O-O 19. h4 Nf6 20. Ne4 Nxe4 21.
fxe4 Nc2 22. Bf2 Rd7 23. Rc1 Nb4 24. Be1 Re8 25. Rf1 Bf8 26. Rc4 a5 27. e5 Nd5
28. Bf2 Bb4 29. Bd3 Ra8 30. Kf3 Rdd8 31. Ke2 Nb6 32. Rcc1 a4 33. bxa4 Rxa4 34.
g4 Ra2 35. Rc2 Rda8 36. Rb1 Ra1 37. Rcc1 Rxb1 38. Rxb1 Ra2 39. Kd1 Be7 40. Kc2
Kf8 41. Kb3 Ra8 42. Rh1 Ke8 43. h5 gxh5 44. gxh5 Bg5 45. Rg1 Bh6 46. e4 Nd7 47.
Be2 Kf8 48. Rd1 Bg5 49. Be1 Ke8 50. Bc3 Bf4 51. Rf1 Be3 52. Rd1 Bf4 53. Bb4 Be3
54. Bd6 Ra5 55. Kc3 Bf4 56. Rf1 Be3 57. Rd1 Bf4 58. Rg1 Bh6 59. Bc4 Kd8 60. b4
Ra3+ 61. Kb2 Re3 62. Rf1 Nb6 63. Bb3 Ke8 64. Ra1 Re2+ 65. Bc2 Kd7 66. Kc3 Nc8
67. Bf8 Rh2 68. Rg1 Rxh5 69. Bxg7 Rh3+ 70. Bd3 Be3 71. Rf1 Ke8 72. Bf6 Nb6 73.
Ra1 Kd7 74. Ra7 Kc8 75. Be7 Kb8 76. Ra1 Rh2 77. Bc5 Kc7 78. b5 Bd2+ 79. Kb3
cxb5 80. Bxb5 Nc8 81. Rf1 Rh7 82. Be8 b6 83. Bf8 Kd8 84. Bxf7 Kd7 85. Rf6 Bg5
86. Bxe6+ Ke8 87. Rf1 Ne7 88. d5 Ng6 89. Bd6 Bf4 90. Bf5 1-0

[Event "MP Reykjavik Open 2011"]
[Site "Reykjavik ISL"]
[Date "2011.03.12"]
[Round "5.12"]
[White "Chatalbashev, Boris"]
[Black "Thorhallsson, Throstur"]
[Result "1-0"]
[WhiteElo "2602"]
[BlackElo "2387"]
[PlyCount "97"]
[EventDate "2011.03.09"]
[EventType "swiss"]
[EventRounds "9"]
[EventCountry "ISL"]
[Source "lmi"]
[SourceDate "2011.03.09"]

1. c4 e6 2. d4 d5 3. Nc3 Nf6 4. cxd5 exd5 5. Bg5 c6 6. e3 Be7 7. Bd3 Bg4 8. Qb3
Qb6 9. Qc2 Bh5 10. f4 Ng8 11. Nf3 Bxf3 12. gxf3 Bxg5 13. fxg5 Ne7 14. O-O-O Na6
15. a3 Qa5 16. Kb1 b5 17. e4 O-O 18. exd5 cxd5 19. Rhe1 Ng6 20. Nxd5 Rac8 21.
Qb3 Nc7 22. Bxg6 Nxd5 23. Bxh7+ Kxh7 24. Qxd5 Qa4 25. Qe4+ g6 26. d5 Rc4 27.
Qd3 Rfc8 28. Re4 Rxe4 29. fxe4 b4 30. axb4 Rb8 31. d6 Qxb4 32. Qd4 Qb3 33. d7
Rd8 34. Qd5 Qf3 35. Rd3 Qf4 36. e5 Kg7 37. e6 fxe6 38. Qxe6 Qxg5 39. Rf3 Kh6
40. Rh3+ Kg7 41. Rf3 Kh6 42. Ka2 a6 43. Ra3 a5 44. Rf3 Qc5 45. Rh3+ Kg7 46. Rg3
Qh5 47. Qe7+ Kh6 48. Qxd8 Qd5+ 49. Rb3 1-0

[Event "MP Reykjavik Open 2011"]
[Site "Reykjavik ISL"]
[Date "2011.03.12"]
[Round "5.14"]
[White "Sveshnikov, Vladimir"]
[Black "Danielsen, Henrik"]
[Result "1/2-1/2"]
[WhiteElo "2379"]
[BlackElo "2533"]
[PlyCount "20"]
[EventDate "2011.03.09"]
[EventType "swiss"]
[EventRounds "9"]
[EventCountry "ISL"]
[Source "lmi"]
[SourceDate "2011.03.09"]

1. e4 c5 2. c3 e6 3. Nf3 d5 4. exd5 exd5 5. d4 Nc6 6. Bb5 Bd6 7. O-O Nge7 8.
dxc5 Bxc5 9. Nbd2 O-O 10. Nb3 Bd6 1/2-1/2

[Event "MP Reykjavik Open 2011"]
[Site "Reykjavik ISL"]
[Date "2011.03.12"]
[Round "5.15"]
[White "Friedel, Joshua E"]
[Black "Sareen, Vishal"]
[Result "1-0"]
[WhiteElo "2529"]
[BlackElo "2358"]
[PlyCount "51"]
[EventDate "2011.03.09"]
[EventType "swiss"]
[EventRounds "9"]
[EventCountry "ISL"]
[Source "lmi"]
[SourceDate "2011.03.09"]

1. e4 e6 2. d4 d5 3. Nd2 Nf6 4. e5 Nfd7 5. Bd3 c5 6. c3 Nc6 7. Ngf3 g6 8. O-O
Bg7 9. Re1 O-O 10. Bb5 Qb6 11. Qa4 cxd4 12. cxd4 Ndb8 13. Nb3 Bd7 14. Nc5 Be8
15. Bg5 a6 16. Bxc6 Nxc6 17. Qa3 Qa7 18. Qe3 b6 19. Nd3 Ne7 20. g4 Bb5 21. Nf4
Rac8 22. a4 Bc6 23. Bf6 Qd7 24. Kh1 Rc7 25. Rg1 Kh8 26. Nh5 1-0

[Event "MP Reykjavik Open 2011"]
[Site "Reykjavik ISL"]
[Date "2011.03.12"]
[Round "5.16"]
[White "Milliet, Sophie"]
[Black "Mekhitarian, Krikor Sevag"]
[Result "1/2-1/2"]
[WhiteElo "2369"]
[BlackElo "2529"]
[PlyCount "97"]
[EventDate "2011.03.09"]
[EventType "swiss"]
[EventRounds "9"]
[EventCountry "ISL"]
[Source "lmi"]
[SourceDate "2011.03.09"]

1. e4 c5 2. Nf3 e6 3. c3 Qa5 4. Bd3 Nc6 5. O-O Nf6 6. Bc2 Qc7 7. Re1 d5 8. e5
Nd7 9. d4 Be7 10. a3 a5 11. Nbd2 O-O 12. Nf1 cxd4 13. cxd4 f5 14. Bg5 Nb6 15.
Bxe7 Qxe7 16. Ne3 Bd7 17. Qd3 Be8 18. Nd2 g5 19. Nb3 f4 20. Ng4 Bg6 21. Qe2
Bxc2 22. Nf6+ Kh8 23. Qxc2 a4 24. Qc5 Qxc5 25. Nxc5 Nxd4 26. Rad1 Rac8 27. Rxd4
Rxc5 28. Rb4 Rc6 29. Rxb6 Rxb6 30. Nd7 Rxb2 31. Nxf8 Rb6 32. Nd7 Rc6 33. Kf1
Kg7 34. Rb1 Kg6 35. Rxb7 Rc1+ 36. Ke2 Rc2+ 37. Kf1 Kf5 38. Rb4 Rc7 39. Nb6 Kxe5
40. Rxa4 Rc1+ 41. Ke2 Ra1 42. g4 Ra2+ 43. Ke1 f3 44. Nd7+ Kd6 45. Nf8 Re2+ 46.
Kf1 Ra2 47. Ke1 Re2+ 48. Kf1 Ra2 49. Ke1 1/2-1/2

[Event "MP Reykjavik Open 2011"]
[Site "Reykjavik ISL"]
[Date "2011.03.12"]
[Round "5.17"]
[White "Sipila, Vilka"]
[Black "Williams, Simon K"]
[Result "0-1"]
[WhiteElo "2347"]
[BlackElo "2507"]
[PlyCount "144"]
[EventDate "2011.03.09"]
[EventType "swiss"]
[EventRounds "9"]
[EventCountry "ISL"]
[Source "lmi"]
[SourceDate "2011.03.09"]

1. b3 e5 2. Bb2 Nc6 3. e3 d6 4. Bb5 Bd7 5. Nf3 a6 6. Be2 g6 7. d4 Bg7 8. d5
Nce7 9. c4 f5 10. Nc3 Nf6 11. Ng5 O-O 12. h4 Qc8 13. c5 h6 14. Nf3 Ne8 15. Ba3
dxc5 16. Bxc5 Nd6 17. Rc1 Qe8 18. Na4 Qd8 19. Nb6 Rb8 20. h5 g5 21. Nc4 e4 22.
Nd4 Rf6 23. Nc2 Nb5 24. Qd2 Rf7 25. Nb4 b6 26. Bxe7 Qxe7 27. a4 Nd6 28. Nxa6
Rb7 29. Nb4 f4 30. Nc6 Qe8 31. Nxd6 cxd6 32. Nd4 f3 33. gxf3 exf3 34. Ba6 Ra7
35. Bc4 Qe4 36. Nc6 Ra8 37. Bd3 Qg4 38. Bf1 Re8 39. Rc4 Re4 40. Qb4 Rxe3+ 41.
Kd1 Qg2 42. Bxg2 fxg2 43. Rg1 Rxf2 44. Rc1 Bb2 45. Rc2 Rd3+ 46. Rd2 Bc3 47.
Rxd3 Bxb4 48. Rxg2 Rxg2 49. Nxb4 Bg4+ 50. Ke1 Re2+ 51. Kf1 Re4 52. Rc3 Rxb4 53.
Rc6 Bxh5 54. Rxd6 Kg7 55. Rd7+ Bf7 56. d6 Rxb3 57. Rb7 Kf6 58. d7 Rd3 59. Rxb6+
Be6 60. a5 Rxd7 61. Ke2 Rd4 62. Kf2 Ra4 63. Kg1 Rxa5 64. Kh1 h5 65. Kg1 h4 66.
Kh1 g4 67. Kg1 Ra2 68. Kh1 Ke5 69. Kg1 h3 70. Kh1 Bd5+ 71. Kg1 h2+ 72. Kf1
h1=R# 0-1

[Event "MP Reykjavik Open 2011"]
[Site "Reykjavik ISL"]
[Date "2011.03.12"]
[Round "5.18"]
[White "Fier, Alexandr"]
[Black "Reipsch, Jens"]
[Result "1-0"]
[WhiteElo "2586"]
[BlackElo "2247"]
[PlyCount "65"]
[EventDate "2011.03.09"]
[EventType "swiss"]
[EventRounds "9"]
[EventCountry "ISL"]
[Source "lmi"]
[SourceDate "2011.03.09"]

1. e4 e5 2. Nf3 Nc6 3. Bb5 a6 4. Ba4 d6 5. Bxc6+ bxc6 6. d4 exd4 7. Nxd4 Bd7 8.
O-O Nf6 9. Nc3 Be7 10. Bg5 O-O 11. Qf3 Rb8 12. b3 h6 13. Bh4 Rb4 14. Rad1 Nh7
15. Bxe7 Qxe7 16. Rfe1 Ng5 17. Qd3 Qf6 18. a3 Rbb8 19. Qxa6 c5 20. Nd5 Nh3+ 21.
gxh3 Qg5+ 22. Kh1 cxd4 23. Qd3 c6 24. Rg1 Qe5 25. f4 Qe6 26. Qxd4 f6 27. f5 Qf7
28. Nf4 d5 29. Rg6 Kh8 30. Nh5 c5 31. Qd2 Rg8 32. Rdg1 Rbf8 33. Nxg7 1-0

[Event "MP Reykjavik Open 2011"]
[Site "Reykjavik ISL"]
[Date "2011.03.12"]
[Round "5.19"]
[White "Stefansson, Hannes"]
[Black "Forsaa, Espen"]
[Result "1/2-1/2"]
[WhiteElo "2557"]
[BlackElo "2340"]
[PlyCount "85"]
[EventDate "2011.03.09"]
[EventType "swiss"]
[EventRounds "9"]
[EventCountry "ISL"]
[Source "lmi"]
[SourceDate "2011.03.09"]

1. d4 Nf6 2. c4 g6 3. Nc3 d5 4. e3 Bg7 5. Qb3 c6 6. Bd2 O-O 7. Nf3 dxc4 8. Bxc4
Nbd7 9. Ng5 e6 10. O-O Nd5 11. e4 Nxc3 12. bxc3 Nb6 13. Rad1 Nxc4 14. Qxc4 e5
15. dxe5 Bxe5 16. Bf4 Qc7 17. Bxe5 Qxe5 18. f4 Qe7 19. e5 Bf5 20. Rd6 Rad8 21.
Qd4 f6 22. Qc4+ Kg7 23. Ne6+ Bxe6 24. Rxe6 Qc7 25. f5 fxe5 26. Qh4 Rd7 27. f6+
Kg8 28. h3 Rdf7 29. Qe4 Qa5 30. c4 Qc5+ 31. Kh1 b5 32. Rxc6 Qd4 33. Qxd4 exd4
34. cxb5 Rd7 35. Rd1 d3 36. Rd2 Kf7 37. Kg1 Re8 38. Kf2 Re5 39. b6 Ra5 40. Ke3
axb6 41. Rxb6 Rda7 42. g4 h6 43. Rxd3 1/2-1/2

[Event "MP Reykjavik Open 2011"]
[Site "Reykjavik ISL"]
[Date "2011.03.12"]
[Round "5.20"]
[White "Carstensen, Jacob"]
[Black "Sveshnikov, Evgeny"]
[Result "1/2-1/2"]
[WhiteElo "2332"]
[BlackElo "2527"]
[PlyCount "23"]
[EventDate "2011.03.09"]
[EventType "swiss"]
[EventRounds "9"]
[EventCountry "ISL"]
[Source "lmi"]
[SourceDate "2011.03.09"]

1. d4 d5 2. c4 e6 3. Nf3 Nf6 4. Nc3 c6 5. Bg5 dxc4 6. e4 b5 7. e5 h6 8. Bh4 g5
9. Nxg5 hxg5 10. Bxg5 Nbd7 11. exf6 Bb7 12. g3 1/2-1/2

[Event "MP Reykjavik Open 2011"]
[Site "Reykjavik ISL"]
[Date "2011.03.12"]
[Round "5.21"]
[White "Dronavalli, Harika"]
[Black "Karavade, Eesha"]
[Result "1/2-1/2"]
[WhiteElo "2524"]
[BlackElo "2330"]
[PlyCount "24"]
[EventDate "2011.03.09"]
[EventType "swiss"]
[EventRounds "9"]
[EventCountry "ISL"]
[Source "lmi"]
[SourceDate "2011.03.09"]

1. d4 Nf6 2. c4 g6 3. Nc3 d5 4. Nf3 Bg7 5. Bg5 Ne4 6. Bf4 Nxc3 7. bxc3 c5 8.
cxd5 Qxd5 9. e3 cxd4 10. cxd4 Nc6 11. Be2 O-O 12. O-O Bf5 1/2-1/2

[Event "MP Reykjavik Open 2011"]
[Site "Reykjavik ISL"]
[Date "2011.03.12"]
[Round "5.22"]
[White "Kjartansson, Gudmundur"]
[Black "D'amore, Carlo"]
[Result "0-1"]
[WhiteElo "2327"]
[BlackElo "2505"]
[PlyCount "57"]
[EventDate "2011.03.09"]
[EventType "swiss"]
[EventRounds "9"]
[EventCountry "ISL"]
[Source "lmi"]
[SourceDate "2011.03.09"]

1. c4 Nf6 2. Nc3 e5 3. Nf3 Nc6 4. g3 Bb4 5. Nd5 Bc5 6. Bg2 d6 7. d3 h6 8. O-O
a5 9. b3 O-O 10. Bb2 Ba7 11. d4 Re8 12. e3 Bf5 13. Nh4 Bh7 14. Nxf6+ Qxf6 15.
d5 Nb4 16. a3 Nd3 17. Bc3 g5 18. Nf3 Bb6 19. Nd2 Nc5 20. f4 gxf4 21. Rxf4 exf4
22. Bxf6 fxe3 23. Qg4+ Bg6 24. Nf3 Re4 25. Qh3 e2 26. Qxh6 Nd7+ 27. Kh1 Nxf6
28. h3 Be3 29. Ng5 0-1

[Event "MP Reykjavik Open 2011"]
[Site "Reykjavik ISL"]
[Date "2011.03.12"]
[Round "5.23"]
[White "Grover, Sahaj"]
[Black "Ptacnikova, Lenka"]
[Result "1-0"]
[WhiteElo "2495"]
[BlackElo "2307"]
[PlyCount "41"]
[EventDate "2011.03.09"]
[EventType "swiss"]
[EventRounds "9"]
[EventCountry "ISL"]
[Source "lmi"]
[SourceDate "2011.03.09"]

1. e4 d5 2. exd5 Qxd5 3. Nc3 Qd6 4. d4 Nf6 5. Nf3 c6 6. Ne5 Nbd7 7. f4 e6 8. g4
Qc7 9. Bg2 c5 10. Be3 cxd4 11. Bxd4 Nxe5 12. Bxe5 Qb6 13. Qe2 Bb4 14. a3 Bxc3+
15. Bxc3 O-O 16. O-O-O Nd5 17. Bxd5 exd5 18. f5 Rd8 19. Rxd5 Bd7 20. Qe7 Be8
21. Ba5 1-0

[Event "MP Reykjavik Open 2011"]
[Site "Reykjavik ISL"]
[Date "2011.03.12"]
[Round "5.24"]
[White "Sammalvuo, Tapani"]
[Black "Bisby, Daniel"]
[Result "1-0"]
[WhiteElo "2471"]
[BlackElo "2306"]
[PlyCount "83"]
[EventDate "2011.03.09"]
[EventType "swiss"]
[EventRounds "9"]
[EventCountry "ISL"]
[Source "lmi"]
[SourceDate "2011.03.09"]

1. Nf3 e6 2. c4 f5 3. g3 Nf6 4. Bg2 d5 5. O-O Bd6 6. b3 c6 7. Bb2 O-O 8. Qc2 f4
9. e3 fxg3 10. fxg3 Qe8 11. d4 Na6 12. Nc3 b5 13. e4 b4 14. e5 bxc3 15. Bxc3
Bb4 16. exf6 gxf6 17. Bxb4 Nxb4 18. Qd2 Rb8 19. Rae1 Qg6 20. a3 Na6 21. Qc3 Nc7
22. Re3 Qg7 23. Ne1 Bd7 24. Qa5 Ne8 25. Qxa7 Nd6 26. Qc5 Nf5 27. Rd3 Kh8 28.
Bh3 dxc4 29. bxc4 Rb2 30. d5 cxd5 31. Bxf5 exf5 32. Qd4 Rfb8 33. cxd5 Qh6 34.
Nf3 f4 35. Nh4 Bh3 36. Qxf4 Qxf4 37. Rxf4 Rb1+ 38. Kf2 Re8 39. g4 Rb2+ 40. Kg3
Ree2 41. Kxh3 Rxh2+ 42. Kg3 1-0

[Event "MP Reykjavik Open 2011"]
[Site "Reykjavik ISL"]
[Date "2011.03.12"]
[Round "5.25"]
[White "Gretarsson, Hjorvar Steinn"]
[Black "Mack, Wolfgang"]
[Result "0-1"]
[WhiteElo "2444"]
[BlackElo "2282"]
[PlyCount "118"]
[EventDate "2011.03.09"]
[EventType "swiss"]
[EventRounds "9"]
[EventCountry "ISL"]
[Source "lmi"]
[SourceDate "2011.03.09"]

1. d4 d6 2. Nf3 g6 3. c4 Bg7 4. g3 Bg4 5. Bg2 Qc8 6. Nc3 Nc6 7. d5 Nd8 8. h3
Bd7 9. e4 e5 10. Bg5 f6 11. Be3 Bh6 12. Bxh6 Nxh6 13. Qd2 Ndf7 14. O-O-O c5 15.
dxc6 Qxc6 16. Kb1 Be6 17. Nd5 Bxd5 18. cxd5 Qa4 19. Rhe1 O-O 20. h4 Rac8 21.
Bh3 Rc5 22. Rc1 b6 23. Rc3 f5 24. Rxc5 bxc5 25. Ng5 Qd4 26. Qxd4 exd4 27. f4
Re8 28. Kc2 Nxg5 29. hxg5 Nf7 30. Kd3 Kg7 31. b4 cxb4 32. Kxd4 a5 33. Bg2 fxe4
34. Bxe4 Rc8 35. Re3 h6 36. gxh6+ Nxh6 37. Bd3 Nf5+ 38. Bxf5 gxf5 39. Re6 Rc2
40. Rxd6 Rxa2 41. Rb6 Rb2 42. Ke5 a4 43. d6 Kf7 44. Rb8 b3 45. Kd4 Ke6 46. Kc3
Rg2 47. Kb4 Ra2 48. Kc5 Rg2 49. Kb4 Rxg3 50. Kxa4 Kxd6 51. Rb5 Ke6 52. Re5+ Kf6
53. Rb5 Kg6 54. Ka3 Rf3 55. Kb2 Rxf4 56. Rxb3 Rd4 57. Rf3 Kg5 58. Kc3 Rd8 59.
Rg3+ Kh4 0-1

[Event "MP Reykjavik Open 2011"]
[Site "Reykjavik ISL"]
[Date "2011.03.12"]
[Round "5.26"]
[White "Gunnarsson, Jon Viktor"]
[Black "Holm, Kristian Stuvik"]
[Result "1/2-1/2"]
[WhiteElo "2428"]
[BlackElo "2240"]
[PlyCount "26"]
[EventDate "2011.03.09"]
[EventType "swiss"]
[EventRounds "9"]
[EventCountry "ISL"]
[Source "lmi"]
[SourceDate "2011.03.09"]

1. e4 c5 2. Nf3 g6 3. c3 Bg7 4. d4 cxd4 5. cxd4 d5 6. e5 Nh6 7. h3 O-O 8. Nc3
Nc6 9. Bb5 f6 10. Bxc6 bxc6 11. O-O Nf7 12. exf6 Bxf6 13. Bf4 g5 1/2-1/2

[Event "MP Reykjavik Open 2011"]
[Site "Reykjavik ISL"]
[Date "2011.03.12"]
[Round "5.27"]
[White "Thorfinnsson, Bragi"]
[Black "Thorgeirsson, Sverrir"]
[Result "1/2-1/2"]
[WhiteElo "2417"]
[BlackElo "2233"]
[PlyCount "69"]
[EventDate "2011.03.09"]
[EventType "swiss"]
[EventRounds "9"]
[EventCountry "ISL"]
[Source "lmi"]
[SourceDate "2011.03.09"]

1. c4 Nf6 2. Nc3 e5 3. g3 Nc6 4. Bg2 g6 5. e4 Bg7 6. Nge2 d6 7. d3 Be6 8. h3
O-O 9. Be3 Nd7 10. Qd2 Nc5 11. O-O Qd7 12. Kh2 a5 13. Rad1 Rfe8 14. Bh6 f5 15.
Nd5 Nb4 16. Nc1 Nxd5 17. cxd5 Bxh6 18. Qxh6 Bf7 19. f4 exf4 20. Rxf4 fxe4 21.
dxe4 Re5 22. Rh4 Be8 23. Rf4 Qg7 24. Qxg7+ Kxg7 25. Nd3 Nxd3 26. Rxd3 Re7 27.
h4 Bd7 28. Rc3 Rc8 29. Rf2 Bg4 30. Rfc2 Kf6 31. Bf3 Bxf3 32. Rxf3+ Ke5 33. Rb3
Rb8 34. Rbc3 Rc8 35. Rb3 1/2-1/2